Concilio o rebeldía?: los latifundios clericales de Lérida

Gorde:
Xehetasun bibliografikoak
Egile Nagusiak: Casasnovas Royo, Máximo (Egilea), Calvet, Manuel Domingo (Egilea), Fondevila, José Marco (Egilea), Bria Perau, Lázaro (Egilea)
Formatua: Liburua
Hizkuntza:gaztelania
Argitaratua: Barcelona Nova Terra 1966
Saila:Colección 1966 Tiempo de Concilio
Gaiak:
Etiketak: Etiketa erantsi
Etiketarik gabe, Izan zaitez lehena erregistro honi etiketa jartzen!

MARC

LEADER 00000nam a2200000 a 4500
001 UCM9825
003 CL-VaPUC
008 030523e19660000SP |||||||||||||||||spa|d
082 0 4 |a 262.5  |b CAS  |2 21 
100 0 |a Casasnovas Royo, Máximo  |e author  |9 476405 
700 0 |a Calvet, Manuel Domingo  |e author  |9 476406 
700 0 |a Fondevila, José Marco  |e author  |9 476407 
700 0 |a Bria Perau, Lázaro  |e author  |9 476408 
245 1 0 |a Concilio o rebeldía?: los latifundios clericales de Lérida 
300 |a 256 p 
942 |c BK 
945 |d 20030523 00:00:00  |a rbrito 
260 |a Barcelona  |b Nova Terra  |c 1966 
600 0 7 |a CONCILIO DE LERIDA  |2 CL-VaPUC  |9 394108 
650 0 |a Sínodos  |9 387791 
583 |a last modification  |c 20030523 00:00:00  |k Rodrigo Vera 
490 0 |a Colección 1966 Tiempo de Concilio 
999 |c 303911  |d 303909 
952 |0 0  |1 0  |4 0  |6 262_500000000000000_CAS_1966  |7 0  |8 A  |9 365505  |a BIBTEO  |b BIBTEO  |d 2019-11-21  |i 3910482  |o 262.5 CAS 1966  |p 3910482  |r 2025-01-17  |w 2019-11-21  |y BK  |k ICR